Gaming Quiz

Random Gaming or Pokémon Quiz

Top Dark Pokemon by Stat (Non-Legend) Quiz Stats

 Plays Quiz not verified by Sporcle

Challenge
Share
Tweet
Embed
Score 0/62 Timer 10:00
0 Plays Today
Stat Pokemon % Correct
HPUmbreon
96.4%
DefenseUmbreon
96.4%
Special DefenseUmbreon
96.4%
HPTyranitar
95.9%
HPHonchkrow
95.9%
AttackTyranitar
95.9%
AttackHonchkrow
95.9%
DefenseTyranitar
95.9%
Special AttackHonchkrow
95.9%
Special AttackTyranitar
95.9%
Special DefenseTyranitar
95.9%
Special AttackHoundoom
94.9%
Special DefenseHoundoom
94.9%
SpeedHoundoom
94.9%
AttackWeavile
94.6%
Special DefenseWeavile
94.6%
SpeedWeavile
94.6%
DefenseSpiritomb
94.4%
Special AttackSpiritomb
94.4%
Special DefenseSpiritomb
94.4%
AttackSharpedo
93.6%
Special AttackSharpedo
93.6%
SpeedSharpedo
93.6%
HPHydreigon
92.7%
DefenseHydreigon
92.7%
Special AttackHydreigon
92.7%
Special DefenseHydreigon
92.7%
SpeedHydreigon
92.7%
Special DefenseSneasel
92.5%
SpeedSneasel
92.5%
AttackBisharp
92.3%
Stat Pokemon % Correct
AttackCacturne
92.3%
DefenseBisharp
92.3%
Special AttackCacturne
92.3%
AttackAbsol
92.1%
DefenseScrafty
92.1%
Special DefenseScrafty
92.1%
HPShiftry
91.9%
Special AttackShiftry
91.9%
AttackCrawdaunt
91.8%
DefenseCrawdaunt
91.8%
Special AttackCrawdaunt
91.8%
HPKrookodile
91.6%
AttackKrookodile
91.6%
SpeedKrookodile
91.6%
DefenseDrapion
90.1%
Special DefenseDrapion
90.1%
SpeedDrapion
90.1%
HPMandibuzz
87.3%
HPSkuntank
87.3%
DefenseMandibuzz
87.3%
Special DefenseMandibuzz
87.3%
HPMalamar
86.9%
DefenseMalamar
86.9%
Special DefenseMalamar
86.9%
Special AttackGreninja
86%
SpeedGreninja
86%
Special AttackZoroark
85.8%
SpeedZoroark
85.8%
HPPangoro
85.4%
AttackPangoro
85.4%
SpeedLiepard
82.8%

You're not logged in!

Compare scores with friends on all Sporcle quizzes.
Join for Free
OR
Log In

You Might Also Like...

Show Comments

Extras

Created Sep 12, 2014ReportNominate
Tags:Pokémon Quiz, dark, stat

Top Quizzes Today


Score Distribution

Your Account Isn't Verified!

In order to create a playlist on Sporcle, you need to verify the email address you used during registration. Go to your Sporcle Settings to finish the process.

Report this User

Report this user for behavior that violates our Community Guidelines.

Details: